Logo BPK

Biblioteka

Politechniki Koszalińskiej

Automatyzacja procesów technicznego przygotowania produkcji i wytwarzania : (Rekord nr 28750)

Szczegóły MARC
000 -ETYKIETA REKORDU
podpole kontrolne o stałej długości 00447nam a2200133 i 4500
001 - NUMER KONTROLNY REKORDU
pole kontrolne bg
040 ## - ŹRÓDŁO KATALOGOWANIA
Instytucja, która utworzyła rekord BPK
041 ## - KOD JĘZYKA
Kod języka tekstu pol
080 ## - UNIWERSALNA KLASYFIKACJA DZIESIĘTNA - UKD
UKD 658.56:;66/69](061.3)
008 - POLE O STAŁEJ DŁUGOŚCI - DANE KONTROLNE
podpole kontrolne o stałej długości s pl f |000 0 pol
245 #0 - TYTUŁ/ODPOWIEDZIALNOŚĆ
Tytuł Automatyzacja procesów technicznego przygotowania produkcji i wytwarzania :
Ciąg dalszy tytułu społeczno-organizacyjne aspekty wdrażania automatyzacji : [konferencja naukowa "Rydzyna'88".
260 ## - STREFA ADRESU WYDAWNICZEGO
Miejsce wydania Zielona Góra,
Data publikacji, dystrybucji/powstania dokumentu 1988.
942 ## - DODATKOWE ELEMENTY (KOHA)
Typ dokumentu Książka
Egzemplarze
Wycofany Status egzemplarza Uszkodzony Dostępność Lokalizacja stała Lokalizacja bieżąca Miejsce przechowywania Sygnatura Kod kreskowy Typ dokumentu
      Dostępny Biblioteka Politechniki Koszalińskiej Biblioteka Politechniki Koszalińskiej Wypożyczalnia BG 34643 01596762 Książka
© 2023 Biblioteka Politechniki Koszalińskiej :: KOHA